01188nam a22001697a 4500008004100000020001700041050001200058100002000070245009000090260003900180300003000219500003200249505068100281650001300962700002300975700002000998140325b xxu||||| |||| 00| 0 eng d a978141884346 aT385.S3 aShelly, Gary B. aMicrosoft office powerpoint 2007: complete concepts and techniques. /cGary B. Shelly aMexico:bCenagage Learning,c2008. axv, 328 p.:bill.;c27cm. aIncludes index and appendix aContents: Creating and editing a presentation -- Creating a presentation with illustrations and shapes -- Creating web pages using power point -- Creating a presentation with custom backgrounds and smartArt diagrams -- Working with information graphics -- Collaborating on and delivering presentations -- Appendix A: Project planning guidelines -- Appendix B: Introduction to microsoft office 2007 -- Appendix C: Microsoft office powerpoint 2007 help -- Appendix D: Publishing office 2007 web pages to a web server -- Appendix E: Customizing microsoft office powerpoint 2007 -- Appendix F: Steps for the windows XP user -- Appendix G: Microsoft business certification program. aComputer aCashman, Thomas J. aSebok, Susan C.